| 000 | 00628nam a22002057a 4500 | ||
|---|---|---|---|
| 005 | 20150806124728.0 | ||
| 010 | _aENG-113338 | ||
| 020 |
_a9788189131876 _c550.00 |
||
| 035 | _aEN-96870 | ||
| 037 | _bDBAD/PUB | ||
| 082 | _a954.08 | ||
| 245 |
_aHistory of India 1600-1800 : _cedited by Nirmal Kumar _bselected essays / |
||
| 260 |
_aNew Delhi _bResearch India _c2014 |
||
| 270 |
_aE-6/34, Sangam Vihar, _bNew Delhi _e110062 |
||
| 300 |
_axxiv,523p. _c23cm(pbk) |
||
| 490 | _aDebates in Indian history series | ||
| 500 | _aIncludes index | ||
| 700 | _aNirmal Kumar | ||
| 942 |
_2ddc _cEN _mHIS _h954.08 |
||
| 999 |
_c94579 _d94579 |
||